000 01808nam a2200553 i 4500
001 24744
003 KOSZ 005
005 20200618084645.0
008 970510s1994 pl f |000 0 pol
015 _aUWD 1994/1625
020 _a8301114142
035 _a991000389569705066
035 _a(PL-WaBN)b10147524-48omnis_nlop
035 _ab10147524
035 _a(OCoLC)69365358
035 _a(PL)b0000001014752
035 _a(EXLNZ-48OMNIS_NETWORK)9910011864805606
040 _aWA N
_cWA N
_dKOSZ 005/EC
041 _apol
046 _k1994
080 _a342.951(438)
080 _a351.72(438)
080 _a336.2(438)
080 _a658.14/.17(438)
100 1 _aSokołowski, Jerzy
_d(1954- )
_eAutor
245 1 0 _aStrategia podatkowa przedsiębiorstwa :
_bjak zmniejszyć obciążenia podatkowe /
_cJerzy Sokołowski.
260 _aWarszawa :
_bWydaw. Naukowe PWN,
_c1994
_e(Łódź :
_fDWN).
300 _a154, [2] s. ;
_c21 cm.
336 _aTekst
_btxt
_2rdacontent
337 _aBez urządzenia pośredniczącego
_bn
_2rdamedia
338 _aWolumin
_bnc
_2rdacarrier
380 _aKsiążki
380 _aPublikacje fachowe
388 _a1901-2000
388 _a1989-2000
490 1 _aEkonomia na Co Dzień
504 _aBibliogr. s. 154.
650 7 _aPrawo podatkowe
_2DBN
650 7 _aPrzedsiębiorstwo
_2DBN
651 7 _aPolska
_2DBN
655 7 _aPodręczniki akademickie
_2DBN
658 _aGospodarka, ekonomia, finanse
658 _aPrawo i wymiar sprawiedliwości
710 2 _aWydawnictwo Naukowe PWN
_4pbl
830 0 _aEkonomia na Co Dzień
856 _uhttp://koha.tu.koszalin.pl/cgi-bin/koha/opac-detail.pl?biblionumber=24744
_yKatalog online BPK
942 _2UKD
_cKS
999 _c24744
_d24744